00808nam a2200241Ia 4500003000400000005001700004008004100021020002200062040000700084041000800091082001900099100003500118245005800153260003600211300001600247365001400263650003400277650002400311906006500335942001200400999001900412952013500431OSt20230518150315.0210423s2014 xx 000 0 und d a978-81-265-4902-3 cAL aeng a515 223bRICA aRICHARDSON (Leonard F)9108455 aAdvanced calculus: an introduction to linear analysis aNew DelhibWiley and Sonsc2014 axxv,387bHB b3895cINR aMathematical Analysis9108456 aMathematics9108457 aAdvanced ; an ; analysis ; calculus: ; introduction ; linear 2ddccBK c166836d166836 001040708MATaSACPGbSACPGd2015-04-29eBiblios Book Pointg3895.00l0o515 RICApPG013337r2022-08-24 00:00:00w2021-04-26yBK